000 00464 a2200157 4500
005 20250508105333.0
020 _a987-93-5161-093-9
082 _a658.4 GUP
100 _aGUPTA, C. B.
245 _aManagement : Theory and Practice.
250 _a19th Ed
260 _aNew Delhi,
_bSultan Chand & Sons,
_c2017.
300 _aXxix ,816p.: ill.; figure, table
_bIndex
_c24cm.
856 _yAccess Online Book
_fManagement
_dwww.sultanchandandsons.com
942 _2ddc
_cBKS
999 _c2176
_d2176